[Event "FIDE Womens World Cup 2021"]
[Site "Sochi"]
[Date "2021.07.17"]
[Round "2.8"]
[White "Salimova, Nurgyul"]
[Black "Paehtz, Elisabeth"]
[Result "1/2-1/2"]
[WhiteElo "2395"]
[BlackElo "2466"]
[Annotator "ChessBase"]
[PlyCount "189"]
[EventDate "2021.07.12"]
[EventType "k.o."]
[EventCountry "RUS"]
[SourceTitle "playchess.com"]
[Source "ChessBase"]
[SourceQuality "1"]
[TimeControl "300+3"]

1. d4 {[%emt 0:00:02]} Nf6 {[%emt 0:00:00]} 2. Nf3 {[%emt 0:00:03]} g6 {[%emt 0:00:01]} 3. c4 {[%emt 0:00:03]} Bg7 {[%emt 0:00:01]} 4. g3 {[%emt 0:00:03]} O-O {[%emt 0:00:01]} 5. Bg2 {[%emt 0:00:02]} d6 {[%emt 0:00:01]} 6. O-O {[%emt 0:00:06]} Nc6 {[%emt 0:00:01]} 7. Nc3 {[%emt 0:00:07]} Bg4 {[%emt 0:00:02]} 8. Be3 {[%emt 0:01:08]} Qc8 {[%emt 0:00:09]} 9. Re1 {[%emt 0:00:17]} e5 {[%emt 0:00:05]} 10. dxe5 {[%emt 0:00:05]} dxe5 {[%emt 0:00:06]} 11. Qc1 {[%emt 0:00:25]} Re8 {[%emt 0:00:25]} 12. Ng5 {[%emt 0:00:16]} Nd4 {[%emt 0:00:14]} 13. h3 {[%emt 0:00:34]} Bd7 {[%emt 0:00:02]} 14. Kh2 {[%emt 0:00:17]} Bf5 {[%emt 0:00:12]} 15. Bxd4 {[%emt 0:00:21]} exd4 {[%emt 0:00:02]} 16. Nb5 {[%emt 0:00:13]} Ne4 {[%emt 0:00:35]} 17. Bxe4 {[%emt 0:00:25]} Bxe4 {[%emt 0:00:01]} 18. Qf4 {[%emt 0:00:06]} Bf5 {[%emt 0:00:10]} 19. Qxc7 {[%emt 0:00:08]} Rf8 {[%emt 0:00:49]} 20. Qxc8 {[%emt 0:00:06]} Raxc8 {[%emt 0:00:14]} 21. Nd6 {[%emt 0:00:07]} Rc6 {[%emt 0:00:07]} 22. Nxf5 {[%emt 0:00:02]} gxf5 {[%emt 0:00:01]} 23. b3 {[%emt 0:00:12]} d3 {[%emt 0:00:08]} 24. Rad1 {[%emt 0:00:10]} Bc3 {[%emt 0:00:01]} 25. exd3 {[%emt 0:00:14]} Bxe1 {[%emt 0:00:02]} 26. Rxe1 {[%emt 0:00:00]} Rd6 {[%emt 0:00:07]} 27. Re7 {[%emt 0:00:07]} Rxd3 {[%emt 0:00:03]} 28. Kg2 {[%emt 0:00:08]} Rfd8 {[%emt 0:00:35]} 29. Rxb7 R8d7 30. Rb5 {[%emt 0:00:24]} Rd2 {[%emt 0:00:08]} 31. Rxf5 {[%emt 0:00:05]} Rxa2 {[%emt 0:00:04]} 32. Ne4 {[%emt 0:00:01]} Re7 {[%emt 0:00:11]} 33. Nf6+ {[%emt 0:00:06]} Kg7 {[%emt 0:00:07]} 34. Nd5 {[%emt 0:00:03]} Rb7 {[%emt 0:00:07]} 35. b4 {[%emt 0:00:05]} Rd2 {[%emt 0:00:15]} 36. b5 {[%emt 0:00:11]} Rd4 {[%emt 0:00:10]} 37. Ne3 {[%emt 0:00:02]} Rc7 {[%emt 0:00:13]} 38. c5 {[%emt 0:00:08]} Kg6 {[%emt 0:00:09]} 39. Re5 {[%emt 0:00:03]} f6 {[%emt 0:00:02]} 40. Rf5 {[%emt 0:00:04]} Rb4 {[%emt 0:00:52]} 41. c6 {[%emt 0:00:01]} a6 {[%emt 0:00:12]} 42. bxa6 {[%emt 0:00:04]} Rxc6 {[%emt 0:00:15]} 43. Ra5 {[%emt 0:00:04]} Rbb6 {[%emt 0:00:03]} 44. Ra4 {[%emt 0:00:02]} Rxa6 {[%emt 0:00:01]} 45. Rg4+ {[%emt 0:00:02]} Kf7 {[%emt 0:00:02]} 46. h4 {[%emt 0:00:01]} Ra5 {[%emt 0:00:02]} 47. Rf4 {[%emt 0:00:02]} Re5 {[%emt 0:00:03]} 48. Ng4 {[%emt 0:00:02]} Rd5 {[%emt 0:00:02]} 49. Ne3 {[%emt 0:00:03]} Re5 {[%emt 0:00:02]} 50. Rf3 {[%emt 0:00:01]} h5 {[%emt 0:00:04]} 51. Rf4 {[%emt 0:00:03]} Kg6 {[%emt 0:00:02]} 52. Rd4 {[%emt 0:00:05]} Ree6 {[%emt 0:00:04]} 53. Nd5 {[%emt 0:00:02]} Re5 {[%emt 0:00:04]} 54. Nf4+ {[%emt 0:00:02]} Kf7 {[%emt 0:00:03]} 55. Rd7+ {[%emt 0:00:01]} Re7 {[%emt 0:00:08]} 56. Rd5 {[%emt 0:00:02]} Re5 {[%emt 0:00:02]} 57. Rd7+ {[%emt 0:00:02]} Re7 {[%emt 0:00:01]} 58. Rd8 {[%emt 0:00:07]} Rc5 {[%emt 0:00:02]} 59. Rh8 {[%emt 0:00:04]} Kg7 {[%emt 0:00:02]} 60. Rxh5 {[%emt 0:00:07]} Rxh5 {[%emt 0:00:01]} 61. Nxh5+ {[%emt 0:00:01]} Kg6 {[%emt 0:00:01]} 62. Nf4+ {[%emt 0:00:02]} Kh6 {[%emt 0:00:03]} 63. Nd5 {[%emt 0:00:01]} Re6 {[%emt 0:00:01]} 64. Ne3 {[%emt 0:00:03]} Kg6 {[%emt 0:00:02]} 65. g4 {[%emt 0:00:04]} Ra6 {[%emt 0:00:01]} 66. Kg3 {[%emt 0:00:02]} Ra4 {[%emt 0:00:02]} 67. Nf5 {[%emt 0:00:02]} Ra3+ {[%emt 0:00:01]} 68. f3 {[%emt 0:00:01]} Ra4 {[%emt 0:00:01]} 69. h5+ {[%emt 0:00:04]} Kf7 {[%emt 0:00:05]} 70. Nd6+ {[%emt 0:00:04]} Ke6 {[%emt 0:00:04]} 71. Ne4 {[%emt 0:00:01]} Kf7 {[%emt 0:00:03]} 72. Kf4 {[%emt 0:00:05]} Ra5 {[%emt 0:00:01]} 73. Nd6+ {[%emt 0:00:06]} Kg7 {[%emt 0:00:03]} 74. Nf5+ {[%emt 0:00:02]} Kf7 {[%emt 0:00:00]} 75. h6 {[%emt 0:00:03]} Kg6 {[%emt 0:00:03]} 76. Kg3 {[%emt 0:00:06]} Rb5 {[%emt 0:00:06]} 77. f4 {[%emt 0:00:06]} Ra5 {[%emt 0:00:02]} 78. Kh4 {[%emt 0:00:03]} Ra4 {[%emt 0:00:06]} 79. Kg3 {[%emt 0:00:03]} Ra5 {[%emt 0:00:01]} 80. Kh4 {[%emt 0:00:04]} Ra4 {[%emt 0:00:01]} 81. Ne7+ {[%emt 0:00:01]} Kxh6 {[%emt 0:00:02]} 82. Nd5 {[%emt 0:00:01]} Kg6 {[%emt 0:00:03]} 83. f5+ {[%emt 0:00:04]} Kg7 {[%emt 0:00:03]} 84. Nc7 {[%emt 0:00:02]} Ra1 {[%emt 0:00:01]} 85. Ne6+ {[%emt 0:00:03]} Kf7 {[%emt 0:00:06]} 86. Kg3 {[%emt 0:00:05]} Ra3+ {[%emt 0:00:02]} 87. Kh4 {[%emt 0:00:02]} Ra1 {[%emt 0:00:01]} 88. Nf4 {[%emt 0:00:02]} Rh1+ {[%emt 0:00:02]} 89. Kg3 {[%emt 0:00:02]} Rg1+ {[%emt 0:00:01]} 90. Kf3 {[%emt 0:00:02]} Rf1+ {[%emt 0:00:01]} 91. Ke4 {[%emt 0:00:02]} Re1+ {[%emt 0:00:02]} 92. Kf3 {[%emt 0:00:04]} Rf1+ {[%emt 0:00:01]} 93. Kg3 {[%emt 0:00:02]} Rg1+ {[%emt 0:00:01]} 94. Kh4 {[%emt 0:00:07]} Rh1+ {[%emt 0:00:01]} 95. Kg3 {[%emt 0:00:03]} 1/2-1/2

[Event "FIDE Womens World Cup 2021"]
[Site "Sochi"]
[Date "2021.07.17"]
[Round "2.9"]
[White "Badelka, Olga"]
[Black "Matnadze, Ana"]
[Result "1-0"]
[WhiteElo "2418"]
[BlackElo "2421"]
[Annotator "NA"]
[PlyCount "109"]
[EventDate "2021.07.12"]
[EventType "k.o."]
[EventCountry "RUS"]
[SourceTitle "playchess.com"]
[Source "ChessBase"]
[SourceQuality "1"]

1. d4 Nf6 2. c4 e6 3. Nc3 d5 4. cxd5 exd5 5. Bg5 c6 6. e3 Nbd7 7. Bd3 Be7 8. Qc2 Nf8 9. O-O-O Ne6 10. Bxf6 Bxf6 11. f4 b6 12. Nf3 Bb7 13. Kb1 c5 14. Bb5+ Kf8 15. dxc5 bxc5 16. Bc4 d4 17. Bxe6 fxe6 18. exd4 Bxf3 19. gxf3 cxd4 20. Ne4 Qd5 21. Rd3 Rd8 22. Re1 Kf7 23. Qa4 Rhe8 24. Red1 Qf5 25. Qxa7+ Kg8 26. Qc7 Rf8 27. Rg1 Kh8 28. a4 Ra8 29. Qc6 Qxf4 30. Rc1 e5 31. Qc5 Rfe8 32. a5 Be7 33. Qd5 Rac8 34. Rg1 Rb8 35. Rb3 Rbd8 36. Qb5 Bf8 37. a6 d3 38. Rxd3 Rb8 39. Qa4 Qf7 40. Rc1 Ra8 41. Qa2 Qe7 42. Qa4 Qe6 43. Rc4 Rxa6 44. Qb3 Rb6 45. Rb4 Rxb4 46. Qxe6 Rxe6 47. Rd8 Re7 48. Rc8 Kg8 49. Nd6 Rbb7 50. Ne4 Rb6 51. Nc5 Rbe6 52. Re8 Kf7 53. Nb7 Kxe8 54. Na5 Kf7 55. Nc4 1-0

[Event "FIDE Womens World Cup 2021"]
[Site "Sochi"]
[Date "2021.07.18"]
[Round "3.1"]
[White "Goryachkina, Aleksandra"]
[Black "Badelka, Olga"]
[Result "1-0"]
[WhiteElo "2596"]
[BlackElo "2418"]
[Annotator "TA"]
[PlyCount "149"]
[EventDate "2021.07.12"]
[EventType "k.o."]
[EventCountry "RUS"]
[SourceTitle "playchess.com"]
[Source "ChessBase"]
[SourceQuality "1"]

{[%evp 16,149,22,18,10,12,10,0,19,16,15,11,47,45,47,22,24,50,41,0,22,21,24,26,32,20,16,19,33,16,32,25,39,40,78,7,38,33,84,84,83,82,85,85,83,85,88,83,88,85,84,75,76,76,85,86,83,79,80,52,53,52,61,54,60,56,60,60,126,143,131,106,204,70,69,47,68,63,77,69,73,26,96,96,96,91,91,97,128,119,140,129,152,156,154,69,69,69,103,79,103,71,95,81,82,87,99,68,68,68,87,93,96,68,70,70,291,276,285,260,717,191,200,95,138,135,308,323,445,432,666,663,809,819,8982,7625]} 1. d4 Nf6 2. c4 e6 3. g3 d5 4. Bg2 Be7 5. Nf3 O-O 6. O-O dxc4 7. Qc2 a6 8. a4 $1 {8.a4 is better than 8.Qxc4.} c5 9. dxc5 Bxc5 {E05: Open Catalan: 5 Nf3 Be7.} 10. Nbd2 b5 11. Ng5 Ra7 {The position is equal.} 12. Nde4 Nxe4 (12... Nbd7 $6 13. Nxc5 Nxc5 14. axb5 $16) 13. Nxe4 Bd4 14. Ng5 {[%csl Gg5][%cal Rc2h7]} g6 15. axb5 axb5 16. Rxa7 Bxa7 17. Ne4 Bd4 {[#]} (17... f5 {feels hotter.} 18. Bg5 Qb6 19. Nf6+ Kg7 20. Qc3 Qd4) 18. Bh6 $146 {Black must now prevent Rd1.} ({Predecessor:} 18. Bg5 Qc7 19. Rd1 Bg7 20. Nf6+ Kh8 21. Qe4 Rd8 22. Rf1 h6 23. Qh4 Rd4 24. e4 {½-½ (36) Bogosavljevic,B (2525)-Plenca,J (2422) Belgrade 2017}) 18... Bg7 19. Bxg7 Kxg7 20. Qc3+ f6 21. Qb4 Qb6 22. Nd6 $36 {[%mdl 3072] White has compensation. White has some pressure.} Bd7 23. Rd1 Qc7 24. Ra1 (24. Nxb5 $2 Qb6 $19) 24... Rd8 25. Nb7 (25. h4 $16) 25... Rf8 26. Ra8 Bc6 (26... Re8 $14) 27. Bxc6 $16 {[%mdl 64] Overworked Piece} Qxc6 28. Qe7+ Kg8 {[#]} 29. Nc5 $1 {Ra7 would kill now.} Qe8 ({Stronger than} 29... Qxa8 30. Nxe6 Qa1+ 31. Kg2 Qa8+ 32. f3 Qxf3+ 33. exf3 Rf7 34. Qe8+ Rf8 35. Qxf8#) 30. Qxe6+ Qxe6 31. Nxe6 {[%mdl 4096] Endgame KRN-KRN} Rc8 32. Kf1 b4 33. Ke1 Kf7 34. Nd4 Rd8 35. Nc2 c3 36. bxc3 bxc3 37. Ra3 Rc8 38. Ra7+ Ke6 39. Rxh7 Nc6 40. Rb7 Kd5 41. Ne3+ Kc5 ({Black should try} 41... Ke4 $14) 42. Rb3 $1 Kd4 43. Rb5 $1 {[%cal Rb5d5] White wants to mate with Rd5+.} Ne5 (43... Rd8 $16 {was worth a try.}) 44. Nc2+ ({White should play} 44. Kd1 $18) 44... Kc4 $14 45. Na3+ Kd4 {Threatening ...c2.} 46. Kd1 Ra8 47. Rb3 g5 48. Kc2 Rh8 (48... Ng4 $1 $11) 49. h4 $1 $16 ({Reject} 49. Rxc3 $6 Rxh2 50. Nb5+ Kd5 $11) 49... gxh4 {...h3 is the strong threat.} 50. Rb4+ Kd5 51. gxh4 Ra8 52. Kb3 Nc6 53. Rb5+ Ke4 54. Nc2 Rc8 {[#]} 55. f3+ (55. h5 $1 $16) 55... Kf4 $14 56. Rc5 Rb8+ ({Don't go for} 56... Nd4+ $2 57. Nxd4 Ra8 58. Kxc3 $18) 57. Kxc3 Ne5 58. Rd5 Rh8 59. Rd4+ Kg3 60. Ne3 Ra8 61. Nf5+ Kf2 62. Re4 Rh8 63. Kd4 {aiming for Kd5.} Rh5 64. Ng7 Rh7 65. Ne8 Ng6 $2 (65... Nc6+ $14 66. Kd5 f5) 66. Nxf6 $18 Rxh4 67. Ng4+ Ke1 $2 (67... Kg2 68. Ne3+ Kf2) 68. Ke3 $2 (68. Ne5) 68... Rh8 69. Re6 (69. Nf6 $18 {has better winning chances. Threatens to win with Rg4.} Ra8 70. Nd5) 69... Nh4 $16 {[#]} 70. Kf4 $1 {[%cal Rf4g5] Hoping for Kg5.} Rf8+ $2 (70... Rg8 $16 71. Re4 Rg7) 71. Kg5 $18 Ng2 {and the idea ...Nf4 leaves Black hopeful.} 72. Nf6 {White is clearly winning.} Ra8 (72... Rf7 $142 73. Nd5 Rg7+ 74. Kf6 Rg8) 73. f4 Kf2 74. f5 Ne3 75. Ng4+ {Weighted Error Value: White=0.11/Black=0.13} 1-0

[Event "FIDE Womens World Cup 2021"]
[Site "Sochi"]
[Date "2021.07.18"]
[Round "3.1"]
[White "Muzychuk, Mariya"]
[Black "Ushenina, Anna"]
[Result "1/2-1/2"]
[WhiteElo "2550"]
[BlackElo "2429"]
[Annotator "TA"]
[PlyCount "82"]
[EventDate "2021.07.12"]
[EventType "k.o."]
[EventCountry "RUS"]
[SourceTitle "playchess.com"]
[Source "ChessBase"]
[SourceQuality "1"]

{[%evp 10,82,33,32,41,18,35,36,41,31,48,40,41,0,14,0,7,0,13,0,0,-15,-2,-9,0,-5,-1,-1,-1,0,0,-2,0,0,0,0,0,0,0,0,0,0,0,-6,0,-7,-9,-10,0,0,0,0,0,0,0,-17,3,3,6,0,0,0,0,0,0,0,0,0,0,0,0,0,0,0,0]} 1. e4 e5 2. Nf3 Nf6 3. Nxe5 d6 4. Nf3 Nxe4 5. Nc3 Nf6 6. d4 Nc6 {C42: Petroff Defence: 3 Nxe5 and unusual White 3rd moves.} 7. d5 Ne5 8. Bb5+ Bd7 {White is slightly better.} 9. Qe2 {[#]} Be7 $146 ({Predecessor:} 9... Qe7 10. Bxd7+ Nexd7 11. Be3 O-O-O 12. h3 Re8 13. O-O-O Ne4 14. Nxe4 Qxe4 15. Rd4 Qf5 16. Ra4 a6 {½-½ (26) Eggerer,S (2090)-Kleiner,A (1820) Bayern 1999}) 10. Nxe5 dxe5 11. Qxe5 Bxb5 {The position is equal.} 12. Nxb5 O-O {[#] Strongly threatening ...Bb4+.} 13. O-O ({Much worse is} 13. Qxc7 Bb4+ 14. c3 Qe8+ 15. Be3 Qxb5 $15) ({But not} 13. Nxc7 $2 Bd6 $19) 13... Qxd5 14. Qe2 Qc5 15. Be3 Qe5 16. Rfe1 Bc5 17. Bd4 Qxe2 18. Rxe2 Bxd4 19. Nxd4 Rfe8 20. Kf1 a6 21. f3 Rxe2 22. Kxe2 $11 {[%mdl 4096] Endgame KRN-KRN} Re8+ 23. Kf2 Rd8 24. Nb3 b6 25. Re1 Kf8 26. a4 Rd5 27. c3 Nd7 28. f4 Nc5 (28... b5 {seems wilder.} 29. a5 c5 30. Ke3 c4 31. Nd4 Nc5) 29. Nxc5 Rxc5 {KR-KR} 30. Re4 Rd5 31. Ke2 a5 32. b4 axb4 33. cxb4 c5 34. Re5 Rd4 35. bxc5 Rxa4 36. cxb6 {[#] Hoping for Rc5.} Rb4 37. Kf3 (37. Rh5 {is interesting.} h6 38. Ra5 Rxb6 39. h4 Rb3 40. Kf2) 37... Rxb6 38. h4 g6 39. h5 Kg7 40. g4 Rb3+ 41. Kg2 Rb2+ {Weighted Error Value: White=0.04/Black=0.02} 1/2-1/2

[Event "FIDE Womens World Cup 2021"]
[Site "Sochi"]
[Date "2021.07.18"]
[Round "3.1"]
[White "Dzagnidze, Nana"]
[Black "Yip, Carissa"]
[Result "0-1"]
[WhiteElo "2523"]
[BlackElo "2430"]
[Annotator "TA"]
[PlyCount "72"]
[EventDate "2021.07.12"]
[EventType "k.o."]
[EventCountry "RUS"]
[SourceTitle "playchess.com"]
[Source "ChessBase"]
[SourceQuality "1"]

{[%evp 11,72,33,37,30,32,27,27,0,0,-10,13,6,6,2,37,41,45,38,45,42,45,23,33,28,99,84,108,-40,133,150,171,157,145,-129,-129,-128,-134,-190,-82,-106,87,-93,-96,-143,-135,-402,-282,-353,-316,-521,-550,-540,-528,-1580,-1525,-1486,-1381,-3056,-2898,-2670,-2634,-2361,-726]} 1. Nf3 Nf6 2. g3 g6 3. Bg2 Bg7 4. O-O O-O 5. d4 d6 6. c4 Bf5 7. Nh4 {E60: King's Indian: Unusual lines and Fianchetto Variation without Nc3.} Be4 8. f3 Bc6 9. Nc3 {White has an edge.} e5 {[#]} 10. Be3 $146 ({Predecessor:} 10. d5 Bd7 11. e4 Ne8 12. Bh1 f5 13. exf5 gxf5 14. f4 e4 15. Be3 Na6 16. Ng2 {½-½ (44) Van Wely,L (2654)-Caruana,F (2791) Dubai 2014}) 10... Bd7 {Black wants to play ...exd4.} 11. Qd2 exd4 12. Bxd4 h6 13. e4 Nc6 14. Be3 Kh7 15. Rad1 Re8 16. Kh1 a6 17. f4 b5 (17... Bg4 $11 {keeps the balance.}) 18. e5 $16 (18. cxb5 axb5 19. e5 dxe5 $11) 18... dxe5 19. Nd5 (19. f5 $1 $16 {[%cal Rf5g6]} Nd4 20. fxg6+ (20. Bxd4 exd4 21. Qxd4 g5 $11) 20... fxg6 21. Nxg6 (21. Bxd4 exd4 22. Qc2 dxc3 $11) 21... Kxg6 22. Bxd4 exd4 23. Qc2+ Kf7 24. Nd5) 19... Ng4 $2 (19... Bg4 $15 {keeps the upper hand.} 20. Nxf6+ {[%mdl 64] Discovered Attack} Qxf6 21. fxe5 Qxe5 22. Bxc6 Rad8) 20. f5 $1 {[%cal Rf5g6]} e4 21. fxg6+ fxg6 22. Rf7 $2 {[%mdl 8192]} (22. Bg1 $16 {keeps the pressure on.}) 22... Nce5 $17 {[%mdl 64] Double Attack} 23. Rxg7+ Kxg7 24. Bd4 (24. Bxe4 $17 c6 25. Bb6) 24... Bc6 (24... g5 $1 $19 {[%cal Rg5h4] and Black stays clearly on top.} 25. h3 c5 $1 26. Bxc5 gxh4 27. hxg4 hxg3) 25. Bxe4 {Threatens to win with Nxg6.} Nf6 $2 (25... bxc4 $17 {and life is bright.} 26. Nf3 Bxd5 27. Bxd5 Qxd5 28. Bxe5+ Rxe5 29. Qxd5 Rxd5 30. Rxd5 Rf8 31. Rd7+ Rf7 32. Rxf7+ Kxf7) 26. Bg2 (26. Qf4 $16 Bxd5 27. Bxd5) 26... bxc4 ({Much worse is} 26... Bxd5 $6 27. cxd5 Qd6 28. Rf1 $11) 27. Ne3 {[#] Hoping for Qc2.} Kh7 $1 {...Bxg2+ is the strong threat.} 28. Qf2 {[%mdl 8192] Loses the game.} (28. Qc2 $17 Bxg2+ 29. Kxg2 (29. Nexg2 $2 Nfg4 $19)) 28... Bxg2+ 29. Kxg2 {aiming for Bxe5.} Qd6 30. Bc3 $2 (30. Bxe5 Qxe5 31. Nxc4) 30... Qc6+ $19 {Black is clearly winning.} 31. Kg1 Ne4 32. Qf4 {[#]} Ng5 $1 33. Qf1 (33. Bxe5 Nh3+) 33... Nef3+ 34. Nxf3 Nxf3+ 35. Kf2 Rf8 36. Ke2 Nd4+ {Weighted Error Value: White=0.84/Black=0.33} 0-1

[Event "FIDE Womens World Cup 2021"]
[Site "Sochi"]
[Date "2021.07.18"]
[Round "3.1"]
[White "Tan, Zhongyi"]
[Black "Sebag, Marie"]
[Result "1-0"]
[WhiteElo "2511"]
[BlackElo "2438"]
[Annotator "TA"]
[PlyCount "57"]
[EventDate "2021.07.12"]
[EventType "k.o."]
[EventCountry "RUS"]
[SourceTitle "playchess.com"]
[Source "ChessBase"]
[SourceQuality "1"]

{[%evp 13,57,0,28,13,25,18,56,35,16,0,0,-15,-13,-20,-14,-21,35,36,56,21,35,-50,-39,-83,-80,-64,-77,-72,-67,-69,182,187,176,189,194,176,340,327,695,688,662,657,675,659,5713,3566]} 1. e4 c5 2. Nf3 d6 3. d4 cxd4 4. Nxd4 Nf6 5. Nc3 a6 6. Bg5 Nbd7 7. f4 {7.Qe2 is a critical line.} Qc7 8. Qf3 {B94: Sicilian Najdorf: 6 Bg5 Nbd7.} g6 9. O-O-O Bg7 10. g4 {White is slightly better.} h6 11. Bh4 e5 12. Nb3 exf4 {[#] Hoping for ...g5.} 13. g5 $1 {[%cal Rg5f6]} (13. Qxf4 $2 g5 $19) (13. Nd5 $2 Nxd5 14. Rxd5 Ne5 $19) 13... hxg5 14. Bxg5 {[#]} Nb6 $146 (14... Nc5 $11 15. Rg1 (15. Qxf4 Ne6 $17) 15... Ne6) ({Predecessor:} 14... O-O 15. Qxf4 Re8 16. Bg2 Re5 17. Rhf1 Qc4 18. Nd5 Nxd5 19. Qxf7+ Kh7 20. Rd4 Qe2 {1-0 (35) Camara,H-Gadia,O Sao Paulo 1967}) 15. Qxf4 $14 Nh7 16. Bh6 Be5 {[%cal Re5f4]} 17. Qd2 (17. Qf2 $14) 17... Bg4 $15 18. Be2 Bxc3 19. bxc3 Bxe2 20. Qxe2 O-O-O (20... Qxc3 $6 21. e5 $11) 21. Bf4 Na4 $2 {[%mdl 8192] Loses the game.} (21... Qxc3 $6 22. Rd3 $16) (21... Nf8 $1 $15 {stays ahead.}) 22. Rd4 $36 {[%mdl 2048] White is in control.} Nxc3 {[#]} 23. Qd3 {And now Rc4 would win.} b5 ({But not} 23... Nxa2+ $2 24. Kb2 $18) 24. Bxd6 Ne2+ $2 (24... Rxd6 25. Rxd6 Ng5 26. Rxa6 Kb7) 25. Kb2 ({Weaker is} 25. Qxe2 Rxd6 26. Rxd6 Qxd6 $16) 25... Nf4 $2 (25... Qc6) 26. Qd2 {White is clearly winning.} ({Not} 26. Bxc7 Nxd3+ 27. cxd3 Kxc7 $14) 26... Rxd6 27. Rxd6 Ne6 28. Qd5 Kb8 29. Rxa6 {[%csl Ga6][%cal Rd5a8] Weighted Error Value: White=0.15/Black=0.44} 1-0

[Event "FIDE Womens World Cup 2021"]
[Site "Sochi"]
[Date "2021.07.18"]
[Round "3.1"]
[White "Kashlinskaya, Alina"]
[Black "Galliamova, Alisa"]
[Result "1-0"]
[WhiteElo "2488"]
[BlackElo "2442"]
[Annotator "TA"]
[PlyCount "65"]
[EventDate "2021.07.12"]
[EventType "k.o."]
[EventCountry "RUS"]
[SourceTitle "playchess.com"]
[Source "ChessBase"]
[SourceQuality "1"]

{[%evp 12,65,33,22,39,35,33,34,29,30,40,37,51,49,49,39,49,40,47,33,108,100,81,90,112,95,127,124,213,105,229,226,219,208,209,186,183,193,344,339,515,452,645,639,845,845,841,828,869,852,1310,1295,29989,29990,29990,29991]} 1. d4 d5 2. c4 c6 3. Nf3 Nf6 4. Nc3 e6 5. Bg5 Nbd7 6. e3 h6 7. Bh4 g5 {is more profitable than 7...Be7 at the moment. D51: Queen's Gambit Declined: 4 Bg5 Nbd7 sidelines.} 8. Bg3 Nh5 9. Qc2 Nxg3 {White is slightly better.} 10. hxg3 Bg7 11. O-O-O Qe7 12. Kb1 O-O {[#]} 13. Be2 $146 ({Predecessor:} 13. e4 dxe4 14. Nxe4 f5 15. Nc3 c5 16. d5 Nf6 17. Ne5 exd5 18. Ng6 Qf7 19. Nxf8 {0-1 (37) Mamedyarov,S (2772)-Korobov,A (2670) Bucharest 2019}) 13... Rd8 14. Ne5 Nxe5 15. dxe5 Bxe5 (15... Bd7 $14) 16. Rxh6 $16 Bg7 17. Rh5 b5 18. cxb5 Bd7 19. f4 gxf4 (19... g4 $16) 20. gxf4 $40 {[%mdl 128] White is out for blood.} ({Less strong is} 20. bxc6 Bxc6 21. Rdh1 (21. gxf4 Rab8 $11) 21... f5 $11) (20. Rdh1 $1 $18 {is more deadly. Rh8+! would kill now.} f5 21. g4 (21. gxf4 cxb5 22. g4 b4 $16)) 20... cxb5 {Black cannot hold the game after this.} (20... Kf8 $16) 21. Rdh1 $1 $18 {White threatens Rh8+! and mate.} (21. Bxb5 Rab8 $11) (21. Nxb5 Bxb5 22. Bxb5 Rab8 $15) 21... f5 {[#]} 22. g4 $1 {[%cal Rg4f5]} ({Not} 22. Nxb5 $2 Bxb5 23. Bxb5 Rdb8 $19) ({And not} 22. Bxb5 Rab8 $11) 22... b4 23. Nb5 {aiming for Nd4.} Rac8 {[#]} 24. Qd2 {Strongly threatening gxf5.} b3 $2 (24... Bxb5 {was worth a try.} 25. Bxb5 fxg4) 25. Nd4 bxa2+ (25... Rc2 {might work better.} 26. Nxc2 bxc2+ 27. Qxc2 Rc8) 26. Ka1 Rc7 (26... Rb8 $142 27. gxf5 Qb4 28. Qxb4 Rxb4 29. fxe6 {[%mdl 64] Discovered Attack} Rxd4) 27. gxf5 e5 28. fxe5 Qxe5 29. Bf3 Be8 30. Rg5 Rb8 31. Rhg1 Kh7 32. f6 {[%mdl 64] Deflection} Qxf6 33. Qh2+ {[%mdl 64] Double Attack.  Weighted Error Value: White=0.07/Black=0.71} 1-0

[Event "FIDE Womens World Cup 2021"]
[Site "Sochi"]
[Date "2021.07.18"]
[Round "3.1"]
[White "Batsiashvili, Nino"]
[Black "Zawadzka, Jolanta"]
[Result "1-0"]
[WhiteElo "2487"]
[BlackElo "2403"]
[Annotator "TA"]
[PlyCount "93"]
[EventDate "2021.07.12"]
[EventType "k.o."]
[EventCountry "RUS"]
[SourceTitle "playchess.com"]
[Source "ChessBase"]
[SourceQuality "1"]

{[%evp 9,93,0,9,9,19,17,13,10,10,13,14,4,10,8,10,11,14,9,18,18,18,18,33,32,24,24,28,22,27,15,36,27,48,42,48,-16,41,37,29,3,61,16,31,33,32,17,75,31,36,32,32,28,97,97,98,97,194,195,187,126,187,187,733,710,970,954,1127,925,1557,1510,5793,5885,29974,29975,29973,29976,29976,29977,29992,29993,29993,29994,29994,29995,29995,29995]} 1. c4 e5 2. Nc3 Nf6 3. Nf3 Nc6 4. e4 Bb4 5. d3 d6 6. a3 {A28: English Opening: Four Knights Variation.} Ba5 7. Be2 Bg4 {[#]} 8. Be3 $146 {The position is equal.} ({Predecessor:} 8. O-O Bxf3 9. Bxf3 Nd4 10. Bg5 c6 11. Bg4 h6 12. Be3 Bb6 13. Na4 O-O 14. Nxb6 Qxb6 {1-0 (32) Doostkam,P (2067)-Leong,S (1550) Penang 2015}) 8... O-O 9. O-O Bb6 10. Na4 Bxf3 11. Bxf3 Bxe3 12. fxe3 Ne7 13. Qe1 Qd7 14. Nc3 c6 15. Qg3 Qe6 16. Rf2 Rad8 17. Raf1 Kh8 18. Bd1 a5 19. Qg5 h6 20. Qg3 Neg8 21. Qh4 Rb8 22. Rf5 ({White should play} 22. g4 $14) 22... Nh7 (22... b5 $11) 23. Bg4 $14 Qe8 24. Qf2 {[%cal Rf5f7]} f6 (24... Ngf6 $11 25. Bd1 Qe6) 25. h4 g6 26. Rf3 h5 27. Bh3 Qe7 (27... g5 $11 {keeps the balance.}) 28. Qe1 (28. Qg3 $5 {[%cal Rg3g6]} Qf7 29. d4 $16) 28... Nh6 29. d4 Rg8 30. d5 c5 (30... Rg7 $11 {remains equal.}) 31. Be6 Rg7 32. Nb5 {[%cal Bc3b5,Bb5d6,Bd6c8,Bc8e7,Be7f5][%mdl 32]} f5 (32... Ra8 $16) 33. exf5 $18 gxf5 34. Rg3 (34. Qxa5 Qxh4 35. Nxd6 Ng5 $11) ({Don't take} 34. Bxf5 $6 Nxf5 35. Rxf5 Rbg8 $14) ({Better is} 34. Rxf5 $18 Nxf5 35. Rxf5) 34... Rg4 (34... Rf8 $16 {keeps fighting.} 35. Rxg7 Kxg7 36. Qg3+ (36. Qxa5 Qxh4 37. Qc7+ Kh8 $11) 36... Kh8) 35. Bxf5 Rxh4 {[#]} (35... Rxg3 36. Qxg3 Rg8) 36. Nxd6 $1 {[%mdl 512] Rg6 is the strong threat.} Ng5 (36... Ng4 37. Bxg4) 37. Nc8 Qd8 38. d6 Ngf7 39. Ne7 Nxf5 40. Nxf5 Rxc4 41. Qe2 {White mates.} Rg4 42. Rxg4 hxg4 43. Qxg4 {[%csl Gf5][%cal Rg4g7]} Qg8 44. Qh4+ Qh7 45. Qf6+ Kg8 46. Rf3 Re8 47. Rh3 {Weighted Error Value: White=0.11/Black=0.34} 1-0